[Event "V Weekend A"]
[Site "Vignola ITA"]
[Date "2006.11.26"]
[Round "5"]
[White "Paoli, Walter"]
[Black "Vincenzi, Marco"]
[Result "1/2-1/2"]
[WhiteElo "2012"]
[BlackElo "2065"]
[PlyCount "106"]
[EventDate "2006.11.24"]

1. e4 e6 2. d4 d5 3. exd5 exd5 4. Bd3 Bd6 5. Qf3 Ne7 6. Ne2 c6 7. Bf4 Bf5 8.
Bxf5 Nxf5 9. Bxd6 Nxd6 10. Nd2 O-O 11. O-O Nd7 12. Rfe1 Qg5 13. Qf4 Qg6 14. c3
Rad8 15. Ng3 Rfe8 16. Nf3 Rxe1+ 17. Rxe1 Re8 18. Rxe8+ Nxe8 19. Qf5 Qxf5 20.
Nxf5 f6 21. Kf1 Kf7 22. Ke2 Ke6 23. Ne3 Nd6 24. Ne1 h5 25. Nd3 g5 26. f3 f5 27.
f4 g4 28. g3 Ne4 29. Ng2 Nb6 30. Ne3 Na4 31. Nd1 a5 32. N3f2 b5 33. Nxe4 dxe4
34. b3 Nb6 35. Ne3 Nd5 36. c4 Nxe3 37. Kxe3 a4 38. Kd2 axb3 39. axb3 bxc4 40.
bxc4 Kd6 41. Kc3 Kc7 42. Kc2 Kb6 43. Kc3 Ka5 44. Kb3 Kb6 45. Kc3 Ka6 46. Kc2
Ka5 47. Kb3 e3 48. Kc3 e2 49. Kd2 Kb4 50. d5 cxd5 51. cxd5 Kc5 52. Kxe2 Kxd5
53. Ke3 Kc5 1/2-1/2

[Event "V Weekend A"]
[Site "Vignola ITA"]
[Date "2006.11.26"]
[Round "5"]
[White "Pelliconi, Vanes"]
[Black "Ricchi, Luca"]
[Result "1/2-1/2"]
[WhiteElo "1542"]
[BlackElo "1969"]
[PlyCount "61"]
[EventDate "2006.11.24"]

1. d4 d5 2. Nf3 e6 3. c4 Nf6 4. Nc3 Be7 5. Bf4 c6 6. e3 Nbd7 7. Bd3 dxc4 8.
Bxc4 Nh5 9. Bg3 Nxg3 10. fxg3 b6 11. O-O Bb7 12. Rc1 h5 13. e4 Nf6 14. Qe2 Ng4
15. Rfd1 h4 16. Nxh4 Nf6 17. d5 exd5 18. exd5 cxd5 19. Nf5 Rc8 20. Bxd5 Nxd5
21. Nxd5 Rxc1 22. Rxc1 Bxd5 23. Rc8 O-O 24. Rxd8 Bxd8 25. Qe5 Bf6 26. Qxd5 g6
27. Qd6 Bxb2 28. Ne7+ Kg7 29. g4 Bf6 30. Nd5 Bd4+ 31. Kf1 1/2-1/2

[Event "V Weekend A"]
[Site "Vignola ITA"]
[Date "2006.11.26"]
[Round "5"]
[White "Ravazzini, Luca"]
[Black "Pazzini, Elia"]
[Result "1/2-1/2"]
[WhiteElo "1569"]
[BlackElo "1641"]
[PlyCount "56"]
[EventDate "2006.11.24"]

1. e4 d6 2. d4 Nf6 3. Nc3 e5 4. dxe5 dxe5 5. Qxd8+ Kxd8 6. Bc4 Be6 7. Bxe6 fxe6
8. f3 Bd6 9. b3 Nc6 10. Bb2 Ke7 11. O-O-O Rhf8 12. Nge2 g5 13. Nb5 g4 14. Rhf1
gxf3 15. gxf3 Nh5 16. Nxd6 cxd6 17. Ba3 Rad8 18. Rd3 b5 19. c3 Rd7 20. Rfd1
Rfd8 21. Kc2 a5 22. Rg1 Kf6 23. Bc1 Rc8 24. Kb2 b4 25. c4 Nd8 26. f4 exf4 27.
Nxf4 Nxf4 28. Bxf4 e5 1/2-1/2

[Event "V Weekend A"]
[Site "Vignola ITA"]
[Date "2006.11.26"]
[Round "5"]
[White "Rossi, Aldo Bruno"]
[Black "Lenti, Cosimo"]
[Result "1/2-1/2"]
[WhiteElo "1601"]
[BlackElo "1460"]
[PlyCount "84"]
[EventDate "2006.11.24"]

1. e4 e5 2. Nf3 Nf6 3. d4 Nxe4 4. Qe2 d5 5. Nxe5 Bd6 6. Nd2 O-O 7. Nxe4 dxe4 8.
Be3 Nd7 9. Nc4 Nb6 10. c3 Be6 11. Nxd6 Qxd6 12. Qc2 f5 13. g3 Nd5 14. O-O-O
Nxe3 15. fxe3 Qb6 16. b3 Rac8 17. c4 c6 18. c5 Qb4 19. Kb2 Qa5 20. Qc3 Qd8 21.
Bc4 Bd5 22. Rhf1 b5 23. Bxd5+ cxd5 24. b4 Rc6 25. Ra1 Rh6 26. Rf2 Rc6 27. a4 a6
28. axb5 axb5 29. Ra5 Qb8 30. Qb3 Qd8 31. Rxb5 Kh8 32. Ra5 Rc8 33. Qa2 Qg5 34.
Re2 Qg4 35. Kc3 Qf3 36. b5 Qh5 37. b6 Qf7 38. Ra7 Qe6 39. Rb2 Qh6 40. Re2 Qxb6
41. Kd2 Qb4+ 42. Kd1 Qc3 1/2-1/2

[Event "V Weekend A"]
[Site "Vignola ITA"]
[Date "2006.11.26"]
[Round "5"]
[White "Sfera, Mattia"]
[Black "De Biaggi, Paolo"]
[Result "1/2-1/2"]
[WhiteElo "1927"]
[BlackElo "1832"]
[PlyCount "87"]
[EventDate "2006.11.24"]

1. e4 e5 2. Nf3 Nf6 3. Nxe5 d6 4. Nf3 Nxe4 5. d4 d5 6. Bd3 Bg4 7. O-O Be7 8. c4
c6 9. Re1 Nf6 10. c5 h6 11. Bf4 O-O 12. Nbd2 Re8 13. b4 Nbd7 14. h3 Be6 15. b5
Rc8 16. Qa4 cxb5 17. Qxb5 b6 18. c6 Nf8 19. c7 Rxc7 20. Bxc7 Qxc7 21. Rac1 Qb8
22. Ne5 Bd6 23. Ndf3 N8d7 24. Qa4 Bxe5 25. Nxe5 Nxe5 26. dxe5 Nd7 27. Bb5 Rd8
28. Bxd7 Rxd7 29. Qd4 Rc7 30. Rc3 b5 31. Rec1 Rc4 32. Rxc4 dxc4 33. f4 Qb7 34.
Kf2 g6 35. Rd1 h5 36. Qd8+ Kh7 37. Qf6 Qb6+ 38. Kg3 c3 39. Rd8 Qxd8 40. Qxd8
Bxa2 41. Qd4 c2 42. Qb2 Bb3 43. Qxb3 c1=Q 44. Qxf7+ 1/2-1/2

[Event "V Weekend A"]
[Site "Vignola ITA"]
[Date "2006.11.26"]
[Round "5"]
[White "Solinas, Roberto"]
[Black "Garofalo, Sergio"]
[Result "0-1"]
[WhiteElo "1670"]
[BlackElo "1815"]
[PlyCount "68"]
[EventDate "2006.11.24"]

1. d4 d5 2. Nf3 Nf6 3. e3 Bf5 4. c4 e6 5. Nc3 c6 6. cxd5 exd5 7. Be2 Bd6 8. O-O
Nbd7 9. a3 g5 10. b4 Qc7 11. g3 h5 12. Nxg5 h4 13. f4 hxg3 14. hxg3 Ke7 15. g4
Rag8 16. gxf5 Rxg5+ 17. Kf2 Ne4+ 18. Nxe4 dxe4 19. Rh1 Rhg8 20. fxg5 Bg3+ 21.
Kf1 Rxg5 22. Rh5 Rg8 23. d5 Nf6 24. d6+ Bxd6 25. Rh1 Be5 26. Ra2 Bc3 27. Rg1
Rxg1+ 28. Kxg1 Qg3+ 29. Kh1 Qh4+ 30. Kg2 Be1 31. Bd2 Qg3+ 32. Kh1 Qh3+ 33. Kg1
Bg3 34. Bf3 Qh2+ 0-1

[Event "II Weekend A"]
[Site "Piacenza ITA"]
[Date "2006.10.20"]
[Round "1"]
[White "Annoni, Riccardo"]
[Black "Salami, Marco"]
[Result "0-1"]
[WhiteElo "2068"]
[BlackElo "2187"]
[PlyCount "58"]
[EventDate "2006.10.20"]

1. e4 e6 2. d4 d5 3. e5 c5 4. c3 Nc6 5. Nf3 Bd7 6. Bd3 Qb6 7. O-O cxd4 8. cxd4
Nxd4 9. Nxd4 Qxd4 10. Nc3 a6 11. Qe2 Qa7 12. Kh1 Bc5 13. Qg4 g6 14. Bd2 O-O-O
15. Rac1 Kb8 16. Qf4 Ne7 17. b4 g5 18. Qxf7 Bxb4 19. Nb5 axb5 20. Bxb4 Nc8 21.
Rxc8+ Bxc8 22. Rc1 Bd7 23. Bd6+ Ka8 24. Rc3 Rc8 25. Bc7 b4 26. Rc2 Ba4 27. Rc1
Qd4 28. Bf1 Qf4 29. Qd7 Bxd7 0-1

[Event "II Weekend A"]
[Site "Piacenza ITA"]
[Date "2006.10.20"]
[Round "1"]
[White "Barberi, Alessandro"]
[Black "Tagliagambe, Stefano"]
[Result "1-0"]
[WhiteElo "2147"]
[BlackElo "2050"]
[PlyCount "93"]
[EventDate "2006.10.20"]

1. d4 Nf6 2. c4 a6 3. Nf3 b5 4. b3 e6 5. Nbd2 c5 6. e3 b4 7. Bb2 Bb7 8. Bd3 Be7
9. O-O O-O 10. Qc2 d5 11. cxd5 exd5 12. dxc5 Nbd7 13. a3 Bxc5 14. Bxf6 Qxf6 15.
Bxh7+ Kh8 16. Bf5 Ne5 17. Qxc5 Qxf5 18. Qxb4 Rab8 19. Nxe5 Qxe5 20. Nf3 Qe4 21.
Qxe4 dxe4 22. Nd4 Rfc8 23. Rfc1 Bd5 24. b4 g6 25. f3 Kg7 26. Kf2 Rh8 27. Rc5
Rbd8 28. fxe4 Bxe4 29. h3 Rd6 30. Rd1 Rf6+ 31. Kg1 Re8 32. Rd2 Ba8 33. Rc3 Be4
34. a4 Rb6 35. b5 axb5 36. axb5 Re7 37. Ra2 Bd5 38. Ra6 Rxa6 39. bxa6 Ra7 40.
Rc5 Ba2 41. Rc6 Bd5 42. Nb5 Ra8 43. Rb6 Bc4 44. Nc7 Ra7 45. Rb7 Rxa6 46. Nxa6
Bxa6 47. Ra7 1-0

[Event "II Weekend A"]
[Site "Piacenza ITA"]
[Date "2006.10.20"]
[Round "1"]
[White "Bonade', Massimo"]
[Black "Brancaleoni, Maurizio"]
[Result "1/2-1/2"]
[WhiteElo "2097"]
[BlackElo "2259"]
[PlyCount "26"]
[EventDate "2006.10.20"]

1. d4 Nf6 2. c4 e6 3. Nc3 d5 4. cxd5 exd5 5. Bg5 c6 6. e3 Qb6 7. Bxf6 Qxb2 8.
Nge2 gxf6 9. Rb1 Qa3 10. Qc2 Na6 11. Rb3 Qa5 12. Ng3 Bb4 13. Bxa6 Bxc3+ 1/2-1/2

[Event "II Weekend A"]
[Site "Piacenza ITA"]
[Date "2006.10.20"]
[Round "1"]
[White "Brigati, Alessandro"]
[Black "Calza, Gabriele"]
[Result "1-0"]
[WhiteElo "2130"]
[BlackElo "2029"]
[PlyCount "87"]
[EventDate "2006.10.20"]

1. d4 Nf6 2. c4 e6 3. Nc3 Bb4 4. Qc2 O-O 5. a3 Bxc3+ 6. Qxc3 Ne4 7. Qc2 f5 8.
Nf3 b6 9. e3 Bb7 10. Bd3 a5 11. b3 d6 12. Bb2 Nd7 13. Qe2 c5 14. O-O Qe7 15.
Nd2 Ndf6 16. f3 Nxd2 17. Qxd2 Qf7 18. Qe2 Qh5 19. Qf2 Qg5 20. Rad1 Rad8 21. Bc3
Rfe8 22. dxc5 dxc5 23. Be5 Nd7 24. Bg3 Qg6 25. Qc2 Qg5 26. Rfe1 h5 27. Qf2 Qg6
28. e4 Nf6 29. exf5 exf5 30. Qc2 Qg5 31. Qf2 Rxe1+ 32. Qxe1 Bxf3 33. gxf3 h4
34. Bxf5 Re8 35. Be6+ Kh8 36. f4 Qg6 37. f5 Qg4 38. Kf1 Qf3+ 39. Kg1 hxg3 40.
hxg3 Ng4 41. Rd2 g6 42. Qa1+ Kh7 43. Rd7+ Kh6 44. Qg7+ 1-0

[Event "II Weekend A"]
[Site "Piacenza ITA"]
[Date "2006.10.20"]
[Round "1"]
[White "Caposciutti, Maurizio"]
[Black "Pelagatti, Alessandro"]
[Result "1-0"]
[WhiteElo "2333"]
[BlackElo "2116"]
[PlyCount "75"]
[EventDate "2006.10.20"]

1. Nf3 g6 2. d4 Bg7 3. e4 d6 4. Nc3 Nf6 5. Be3 O-O 6. Qd2 Ng4 7. Bg5 h6 8. Bh4
c6 9. Bc4 b5 10. Bb3 a6 11. O-O g5 12. Bg3 Nd7 13. h3 Ngf6 14. e5 dxe5 15. dxe5
Nh5 16. Qe2 Nc5 17. Rad1 Nxg3 18. fxg3 Qb6 19. Kh2 a5 20. a3 b4 21. axb4 axb4
22. Ne4 Nxb3 23. cxb3 Ba6 24. Qf2 Qxf2 25. Rxf2 Bc8 26. Nd4 c5 27. Nc6 Re8 28.
Nxc5 Bxh3 29. Nxb4 Bg4 30. Rd4 h5 31. Nbd3 Red8 32. Rxd8+ Rxd8 33. b4 Rd5 34.
b5 Bxe5 35. Nxe5 Rxe5 36. b4 Rd5 37. b6 Bc8 38. Rb2 1-0

[Event "II Weekend A"]
[Site "Piacenza ITA"]
[Date "2006.10.20"]
[Round "1"]
[White "Faccia, Sergio"]
[Black "Raineri, Valerio"]
[Result "0-1"]
[WhiteElo "2023"]
[BlackElo "2129"]
[PlyCount "110"]
[EventDate "2006.10.20"]

1. e4 e5 2. d4 exd4 3. Bc4 Nc6 4. Nf3 Bc5 5. c3 d3 6. b4 Bb6 7. a4 a6 8. Qb3
Qe7 9. O-O d6 10. Re1 Bg4 11. Nbd2 Nf6 12. Ba3 Nd7 13. e5 Ncxe5 14. b5 O-O 15.
a5 Bc5 16. Bxc5 Nxc5 17. Qa2 Bxf3 18. gxf3 Qg5+ 19. Kh1 axb5 20. Bxb5 c6 21.
Bc4 Qf4 22. Re3 d5 23. Bb3 Rfe8 24. Rae1 Re6 25. Bd1 Rae8 26. Qa3 Ned7 27. Rxe6
Rxe6 28. Rxe6 fxe6 29. Nf1 e5 30. Qb2 h5 31. Qd2 Qxd2 32. Nxd2 Nf6 33. Kg2 Kf7
34. Kf1 g6 35. Ke1 Ne8 36. Nf1 Nd6 37. Ne3 Nc4 38. Nxc4 dxc4 39. Kd2 Kf6 40. h4
g5 41. hxg5+ Kxg5 42. Ke3 Nb3 43. Ke4 Kf6 44. f4 exf4 45. Bxh5 Nxa5 46. Kxf4 b5
47. Ke4 c5 48. Kd5 b4 49. cxb4 c3 50. bxa5 c2 51. a6 c1=Q 52. Kc6 Qh1+ 53. Kb6
Qxh5 54. a7 Qe8 55. Kb7 d2 0-1

[Event "II Weekend A"]
[Site "Piacenza ITA"]
[Date "2006.10.20"]
[Round "1"]
[White "Fieschi, Lorenzo"]
[Black "Sgnaolin, Davide"]
[Result "0-1"]
[WhiteElo "2042"]
[BlackElo "2144"]
[PlyCount "62"]
[EventDate "2006.10.20"]

1. d4 Nf6 2. Nf3 c5 3. d5 g6 4. c4 b5 5. Qc2 bxc4 6. e4 Ba6 7. Bxc4 Bxc4 8.
Qxc4 d6 9. Nc3 Nbd7 10. O-O Bg7 11. Qe2 O-O 12. Nd2 Nb6 13. f4 Rb8 14. Kh1 Qd7
15. f5 Na4 16. fxg6 hxg6 17. Nxa4 Qxa4 18. Nc4 Rb4 19. b3 Rxb3 20. axb3 Qxa1
21. Bb2 Qa2 22. Ra1 Qxb3 23. Rxa7 Nh5 24. Ra3 Qb4 25. Rf3 Bxb2 26. Nxb2 Ra8 27.
Rf1 Ra2 28. Qf3 Nf6 29. e5 Qxb2 30. exf6 Qxf6 31. Qd3 Ra1 0-1

[Event "II Weekend A"]
[Site "Piacenza ITA"]
[Date "2006.10.20"]
[Round "1"]
[White "Giretti Kanev, Jasen"]
[Black "Castrogiovanni, Carlo"]
[Result "1/2-1/2"]
[WhiteElo "2208"]
[BlackElo "2082"]
[PlyCount "82"]
[EventDate "2006.10.20"]

1. c4 Nf6 2. Nc3 c5 3. g3 Nc6 4. Bg2 g6 5. Nf3 Bg7 6. O-O d5 7. d4 dxc4 8. d5
Nb4 9. e4 O-O 10. a3 Nd3 11. Qa4 Qb6 12. Qxc4 Nxc1 13. Rfxc1 Bd7 14. e5 Ne8 15.
Ne4 Rc8 16. Nxc5 Bb5 17. Qb4 Nc7 18. a4 Na6 19. Nxa6 Bxa6 20. Qxb6 axb6 21. Bf1
Rfd8 22. Rxc8 Rxc8 23. Rd1 Rd8 24. b4 Bxf1 25. Kxf1 Kf8 26. Ke2 Ra8 27. Kd3
Rxa4 28. Kc4 Ra3 29. d6 exd6 30. exd6 Rxf3 31. d7 Bf6 32. d8=Q+ Bxd8 33. Rxd8+
Ke7 34. Rb8 Kd7 35. Rxb7+ Kc6 36. Ra7 Rxf2 37. b5+ Kd6 38. Rb7 Rc2+ 39. Kd4
Rd2+ 40. Kc4 Rc2+ 41. Kd4 Rd2+ 1/2-1/2

[Event "II Weekend A"]
[Site "Piacenza ITA"]
[Date "2006.10.20"]
[Round "1"]
[White "Panizzi, Giuseppe"]
[Black "Garofalo, Sergio"]
[Result "1-0"]
[WhiteElo "2122"]
[BlackElo "1815"]
[PlyCount "75"]
[EventDate "2006.10.20"]

1. d4 d5 2. c4 c6 3. Nc3 e5 4. cxd5 cxd5 5. e4 dxe4 6. d5 Nf6 7. Bg5 Nbd7 8.
Bb5 Qa5 9. Nge2 e3 10. Bxe3 a6 11. Bxd7+ Bxd7 12. O-O Bd6 13. Bg5 Bf5 14. Ng3
Bg6 15. Bxf6 gxf6 16. Nce4 Qd8 17. Qf3 Bxe4 18. Nxe4 O-O 19. Nxf6+ Kg7 20. Ne4
f5 21. Ng3 Qg5 22. Qb3 Rae8 23. Qxb7+ Re7 24. Qc6 Rf6 25. Qc1 Qh4 26. Qd1 Kh6
27. Qd2+ f4 28. Ne4 Rg6 29. f3 Bb8 30. Rac1 Ba7+ 31. Nc5 Rxg2+ 32. Kxg2 Rg7+
33. Kh1 Qh3 34. b4 Rg3 35. Qe2 e4 36. Nxe4 Bd4 37. Nxg3 fxg3 38. Qe6+ 1-0

[Event "II Weekend A"]
[Site "Piacenza ITA"]
[Date "2006.10.20"]
[Round "1"]
[White "Peric, Slavisa"]
[Black "Guidi, Maurizio"]
[Result "1-0"]
[WhiteElo "2297"]
[BlackElo "2103"]
[PlyCount "77"]
[EventDate "2006.10.20"]

1. d4 Nf6 2. Nf3 g6 3. Nc3 d6 4. g3 Bg7 5. Bg2 O-O 6. O-O Na6 7. Re1 c5 8. d5
Nc7 9. a4 b6 10. Nd2 Nd7 11. Nc4 Ne5 12. Na3 a6 13. f4 Nd7 14. Nc4 Rb8 15. e4
b5 16. axb5 axb5 17. Na5 Bb7 18. e5 Nb6 19. Nxb7 Rxb7 20. exd6 exd6 21. f5 Nc4
22. Ra2 b4 23. Ne4 Nb5 24. Rf1 Bd4+ 25. Kh1 f6 26. fxg6 hxg6 27. c3 bxc3 28.
bxc3 Be3 29. Qe2 Bxc1 30. Rxc1 Ne5 31. Rb2 Qb8 32. Bf1 Nc7 33. Rcb1 Rxb2 34.
Rxb2 Qd8 35. c4 f5 36. Nxc5 Ng4 37. Ne6 Nxe6 38. Qxe6+ Kg7 39. Rb7+ {...} 1-0

[Event "II Weekend A"]
[Site "Piacenza ITA"]
[Date "2006.10.20"]
[Round "1"]
[White "Rezzuti, Vincenzo"]
[Black "Cecconi, Giovanni Alberto"]
[Result "0-1"]
[WhiteElo "2051"]
[BlackElo "2176"]
[PlyCount "56"]
[EventDate "2006.10.20"]

1. e4 c5 2. d4 cxd4 3. c3 d3 4. Bxd3 d6 5. h3 Nc6 6. Nf3 g6 7. O-O Bg7 8. c4
Nf6 9. Nc3 O-O 10. Bg5 Bd7 11. a3 Rc8 12. Qe2 h6 13. Be3 Kh7 14. Rfd1 Nh5 15.
e5 dxe5 16. Ng5+ Kg8 17. Bf5 gxf5 18. Qxh5 hxg5 19. Bxg5 Qe8 20. Bh6 f6 21. Qh4
Be6 22. Rd3 Bxh6 23. Qxh6 f4 24. Rad1 Rf7 25. Qg6+ Rg7 26. Qxe8+ Rxe8 27. Nd5
Bf5 28. Rb3 Bc2 0-1

[Event "II Weekend A"]
[Site "Piacenza ITA"]
[Date "2006.10.20"]
[Round "1"]
[White "Sorcinelli, Francesco"]
[Black "Scalcione, Michelangelo"]
[Result "0-1"]
[WhiteElo "2108"]
[BlackElo "2325"]
[PlyCount "56"]
[EventDate "2006.10.20"]

1. e4 d6 2. Nc3 Nf6 3. d4 e5 4. Nf3 Nbd7 5. g4 Nxg4 6. Rg1 Ngf6 7. Bc4 h6 8.
Be3 c6 9. Qd3 b5 10. Bb3 Qa5 11. d5 Bb7 12. dxc6 Bxc6 13. O-O-O Rc8 14. Kb1 b4
15. Nd5 Nxd5 16. Bxd5 Nf6 17. Bxc6+ Rxc6 18. Nd2 Qc7 19. Qb5 a6 20. Qxb4 d5 21.
Qa4 d4 22. Nc4 Nd7 23. Nxe5 Nxe5 24. Bxd4 Nc4 25. Bxg7 Bxg7 26. Rxg7 Kf8 27.
Rg3 a5 28. Rgd3 Kg7 0-1

[Event "II Weekend A"]
[Site "Piacenza ITA"]
[Date "2006.10.20"]
[Round "1"]
[White "Stella, Andrea"]
[Black "Lazic, Miroljub"]
[Result "0-1"]
[WhiteElo "2117"]
[BlackElo "2465"]
[PlyCount "94"]
[EventDate "2006.10.20"]

1. d4 d5 2. c4 e6 3. Nf3 c6 4. cxd5 exd5 5. Nc3 Bf5 6. Qb3 Qb6 7. Qxb6 axb6 8.
Bf4 Nd7 9. e3 h6 10. Be2 Ngf6 11. h3 b5 12. O-O b4 13. Nd1 Be7 14. b3 O-O 15.
Nb2 Ra7 16. Ne5 Rfa8 17. Na4 Nxe5 18. Bxe5 Nd7 19. Bc7 b5 20. Nb6 Nxb6 21. Bxb6
Rb7 22. Bc5 Bxc5 23. dxc5 Rba7 24. g4 Bc2 25. Rfc1 Bxb3 26. Rab1 Bc4 27. Bf3
Rxa2 28. Rxb4 Rd2 29. e4 Re8 30. exd5 Bxd5 31. Bxd5 Rxd5 32. Rb2 Ree5 33. Rbc2
h5 34. Kg2 hxg4 35. hxg4 g5 36. Kf3 Kg7 37. Kg3 Rd3+ 38. Kg2 Re4 39. f3 Ree3
40. Rf2 Rc3 41. Rfc2 Re2+ 42. Rxe2 Rxc1 43. Re5 f6 44. Rf5 Rc4 45. Kf2 b4 46.
Ke2 b3 47. Kd3 Rc1 0-1

[Event "II Weekend A"]
[Site "Piacenza ITA"]
[Date "2006.10.21"]
[Round "2"]
[White "Brancaleoni, Maurizio"]
[Black "Giretti Kanev, Jasen"]
[Result "1/2-1/2"]
[WhiteElo "2259"]
[BlackElo "2208"]
[PlyCount "72"]
[EventDate "2006.10.20"]

1. Nf3 Nf6 2. c4 c5 3. Nc3 b6 4. e4 d6 5. d4 cxd4 6. Nxd4 Bb7 7. f3 e6 8. Be3
Be7 9. Be2 O-O 10. O-O a6 11. a4 Nbd7 12. a5 bxa5 13. Nb3 Qc7 14. Nxa5 Rfb8 15.
Qd2 Bc8 16. Rfc1 Ne5 17. Ra2 h5 18. Qe1 Bd8 19. Qd2 Be7 20. Qe1 Bd8 21. Rc2 d5
22. cxd5 exd5 23. Qd1 dxe4 24. Nxe4 Qe7 25. Bc5 Bb6 26. Qd4 Nxe4 27. fxe4 Qf6
28. Bxb6 Rxb6 29. Qf2 Qxf2+ 30. Kxf2 Be6 31. Ra3 Rab8 32. b3 Bxb3 33. Rc5 Ng4+
34. Bxg4 hxg4 35. Nc6 Re8 36. Nd4 Be6 1/2-1/2

[Event "II Weekend A"]
[Site "Piacenza ITA"]
[Date "2006.10.21"]
[Round "2"]
[White "Calza, Gabriele"]
[Black "Sorcinelli, Francesco"]
[Result "1/2-1/2"]
[WhiteElo "2029"]
[BlackElo "2108"]
[PlyCount "94"]
[EventDate "2006.10.20"]

1. c4 g6 2. g3 Bg7 3. Bg2 Nf6 4. Nc3 O-O 5. d3 c5 6. e4 d6 7. Nge2 Nc6 8. O-O
a6 9. h3 Rb8 10. a4 Ne8 11. Be3 Nc7 12. d4 cxd4 13. Nxd4 Bd7 14. Qd2 Na5 15.
Qe2 Qc8 16. Kh2 Ne6 17. Nxe6 fxe6 18. Bg5 Rf7 19. Rac1 Nb3 20. Rb1 Na5 21. Rbc1
Qxc4 22. Qd1 Qb3 23. Qe2 Rc8 24. h4 h6 25. Be3 Nc4 26. Nd1 Rff8 27. Bh3 Nxe3
28. Nxe3 Rxc1 29. Rxc1 Qb6 30. Rc2 Rc8 31. Rxc8+ Bxc8 32. Qc4 Qc5 33. Bxe6+
Bxe6 34. Qxe6+ Kf8 35. Qxg6 Bxb2 36. Qxh6+ Bg7 37. Qe6 b5 38. axb5 axb5 39. Kg2
Qe5 40. Qg4 e6 41. Qf3+ Ke7 42. Ng4 Qc3 43. Qe2 b4 44. Qb5 b3 45. Qb7+ Kf8 46.
Qb8+ Ke7 47. Qb7+ Kd8 1/2-1/2

[Event "II Weekend A"]
[Site "Piacenza ITA"]
[Date "2006.10.21"]
[Round "2"]
[White "Castrogiovanni, Carlo"]
[Black "Bonade', Massimo"]
[Result "1/2-1/2"]
[WhiteElo "2082"]
[BlackElo "2097"]
[PlyCount "60"]
[EventDate "2006.10.20"]

1. Nf3 Nf6 2. g3 b6 3. Bg2 Bb7 4. d4 e6 5. Nbd2 Be7 6. O-O O-O 7. Re1 d5 8. b3
c5 9. e3 Nc6 10. Bb2 Rc8 11. Rc1 Qc7 12. dxc5 bxc5 13. c4 Nb4 14. Qe2 Nxa2 15.
Ra1 Nb4 16. Rxa7 Qb6 17. Rea1 Ra8 18. Rxa8 Rxa8 19. Rxa8+ Bxa8 20. cxd5 exd5
21. e4 d4 22. Qc4 Qa6 23. Qxa6 Nxa6 24. Ne1 Nd7 25. Nd3 Bc6 26. f4 Bb5 27. Bf1
Bxd3 28. Bxd3 Nb4 29. Bb5 Nb6 30. Kf2 Nc8 1/2-1/2

[Event "II Weekend A"]
[Site "Piacenza ITA"]
[Date "2006.10.21"]
[Round "2"]
[White "Cecconi, Giovanni Alberto"]
[Black "Murgia, Andrea"]
[Result "1-0"]
[WhiteElo "2176"]
[BlackElo "2063"]
[PlyCount "69"]
[EventDate "2006.10.20"]

1. Nf3 f5 2. g3 Nf6 3. Bg2 g6 4. d4 Bg7 5. c4 d6 6. Nc3 c6 7. O-O O-O 8. b3 Nh5
9. Bb2 Nd7 10. d5 cxd5 11. Qxd5+ Kh8 12. Rad1 Nc5 13. Ng5 Bd7 14. b4 Nf6 15.
Qd2 Ne6 16. Nxe6 Bxe6 17. Bxb7 Bxc4 18. Bxa8 Qxa8 19. Qe3 Ng4 20. Qxe7 Ne5 21.
Qxd6 Bxe2 22. Nxe2 Nf3+ 23. Kh1 Bxb2 24. Qd5 Qxd5 25. Rxd5 Re8 26. Nf4 g5 27.
Nh5 Ne1 28. Rxf5 h6 29. Rf7 Re6 30. Rxa7 Nd3 31. b5 Re2 32. Kg2 g4 33. Nf4 Ne1+
34. Rxe1 Rxe1 35. Nd3 1-0

[Event "II Weekend A"]
[Site "Piacenza ITA"]
[Date "2006.10.21"]
[Round "2"]
[White "Ficco, Corrado"]
[Black "Rezzuti, Vincenzo"]
[Result "1-0"]
[WhiteElo "2185"]
[BlackElo "2051"]
[PlyCount "95"]
[EventDate "2006.10.20"]

1. d4 d5 2. c4 e6 3. Nc3 c5 4. cxd5 cxd4 5. Qa4+ Bd7 6. Qxd4 exd5 7. Qxd5 Nc6
8. Qd1 Nf6 9. e3 Bc5 10. Nf3 Qe7 11. Be2 O-O-O 12. O-O g5 13. Nd5 Nxd5 14. Qxd5
h6 15. a3 g4 16. Ne1 Be6 17. Qe4 f5 18. Qc2 Kb8 19. b4 Bd6 20. Bb2 Rhg8 21. Rd1
f4 22. exf4 Bxf4 23. Rxd8+ Rxd8 24. Qe4 Qd6 25. g3 Be5 26. Nd3 Bxb2 27. Nxb2
Bd5 28. Qxg4 Rg8 29. Qh5 Qe6 30. Bf3 Ne5 31. Bg2 Rg5 32. Qd1 Ng4 33. Re1 Qf7
34. Qd2 a6 35. f4 Rh5 36. Bxd5 Rxd5 37. Qe2 Qf5 38. Nc4 Rd3 39. Ne5 Re3 40. Qd2
Rxe1+ 41. Qxe1 Nf6 42. Qd1 Qe6 43. Qd8+ Ka7 44. Qd4+ Kb8 45. a4 Nd5 46. b5 axb5
47. axb5 Kc7 48. Qc5+ 1-0

[Event "II Weekend A"]
[Site "Piacenza ITA"]
[Date "2006.10.21"]
[Round "2"]
[White "Garofalo, Sergio"]
[Black "Annoni, Riccardo"]
[Result "1/2-1/2"]
[WhiteElo "1815"]
[BlackElo "2068"]
[PlyCount "47"]
[EventDate "2006.10.20"]

1. d4 d5 2. Nf3 Nf6 3. b3 Bf5 4. Nh4 Bg6 5. Ba3 c6 6. Nxg6 hxg6 7. Qd3 Nbd7 8.
f3 Qa5+ 9. Qd2 Qc7 10. g3 O-O-O 11. e3 e5 12. Bxf8 Rdxf8 13. Be2 exd4 14. Qxd4
Kb8 15. a4 Re8 16. Na3 Qe5 17. Kf2 c5 18. Qxe5+ Rxe5 19. Bd3 a6 20. Rad1 Kc7
21. c4 d4 22. e4 Reh5 23. h4 Ne5 24. Be2 1/2-1/2

[Event "II Weekend A"]
[Site "Piacenza ITA"]
[Date "2006.10.21"]
[Round "2"]
[White "Guidi, Maurizio"]
[Black "Faccia, Sergio"]
[Result "1/2-1/2"]
[WhiteElo "2103"]
[BlackElo "2023"]
[PlyCount "90"]
[EventDate "2006.10.20"]

1. e4 e5 2. d4 exd4 3. Qxd4 Nc6 4. Qd3 Nf6 5. Nc3 Bb4 6. Bd2 O-O 7. O-O-O Re8
8. Qg3 d6 9. f4 Nxe4 10. Nxe4 Rxe4 11. Bd3 Bxd2+ 12. Rxd2 Rb4 13. c3 Rb6 14.
Nf3 Qf6 15. Ng5 Bf5 16. Ne4 Qe6 17. Re1 Qg6 18. Rde2 h6 19. Qh4 Kf8 20. Nf6
Qxf6 21. Qxf6 gxf6 22. Bxf5 Rb5 23. Bd7 Rc5 24. Kd2 Rd8 25. Bg4 a5 26. Bf3 d5
27. b3 b5 28. Re3 d4 29. cxd4 Nxd4 30. Rd3 Nxf3+ 31. gxf3 Rxd3+ 32. Kxd3 b4 33.
Re2 f5 34. Kd4 Rc3 35. Ke5 Ke7 36. Rd2 c6 37. Kxf5 Rxf3 38. h4 Rh3 39. Kg4 Re3
40. Kh5 Re6 41. f5 Re5 42. Kg4 c5 43. Rd3 Re2 44. Kh5 a4 45. bxa4 c4 1/2-1/2

[Event "II Weekend A"]
[Site "Piacenza ITA"]
[Date "2006.10.21"]
[Round "2"]
[White "Lazic, Miroljub"]
[Black "Barberi, Alessandro"]
[Result "1-0"]
[WhiteElo "2465"]
[BlackElo "2147"]
[PlyCount "55"]
[EventDate "2006.10.20"]

1. g3 g6 2. Bg2 Bg7 3. d4 d6 4. e4 Nd7 5. Nc3 e5 6. Nge2 Ne7 7. Be3 h6 8. f4
exf4 9. Nxf4 O-O 10. Qd2 c6 11. O-O b5 12. Rad1 Nb6 13. b3 Kh7 14. Nd3 Bg4 15.
Rde1 Qd7 16. Rf2 Bh3 17. Bh1 g5 18. e5 Ned5 19. Ne4 dxe5 20. Nxe5 Bxe5 21. dxe5
Bf5 22. Bc5 Rg8 23. c4 bxc4 24. Bxb6 c3 25. Qc2 axb6 26. Rxf5 Rxa2 27. Qd3 Kg7
28. Nxc3 1-0

[Event "II Weekend A"]
[Site "Piacenza ITA"]
[Date "2006.10.21"]
[Round "2"]
[White "Raineri, Valerio"]
[Black "Peric, Slavisa"]
[Result "0-1"]
[WhiteElo "2129"]
[BlackElo "2297"]
[PlyCount "110"]
[EventDate "2006.10.20"]

1. e4 e6 2. Qe2 c5 3. f4 Nf6 4. d3 d5 5. e5 Nfd7 6. Nf3 Nc6 7. c3 Be7 8. g3 O-O
9. Bh3 b5 10. O-O a5 11. f5 exf5 12. Bxf5 Nb6 13. Bxc8 Qxc8 14. Bg5 Qe6 15.
Bxe7 Qxe7 16. d4 c4 17. Nh4 g6 18. Na3 b4 19. Nc2 f6 20. Rae1 fxe5 21. Rxf8+
Rxf8 22. dxe5 Qc5+ 23. Qe3 Qxe3+ 24. Rxe3 bxc3 25. bxc3 Re8 26. Nf3 Nd7 27. e6
Nc5 28. Nfd4 Nxd4 29. Nxd4 Ne4 30. Rf3 Re7 31. h4 a4 32. Kg2 h5 33. Re3 Kf8 34.
Kf3 Kg7 35. Kf4 Kf6 36. Rf3 g5+ 37. Ke3+ Kg6 38. hxg5 Nxg5 39. Rf5 Rxe6+ 40.
Nxe6 Kxf5 41. Nf4 Ke5 42. Ng6+ Kd6 43. Kd4 Ne6+ 44. Ke3 a3 45. Nh4 Kc5 46. Nf3
d4+ 47. cxd4+ Kd5 48. Nd2 Nxd4 49. Nb1 Nb5 50. Nd2 Nc3 51. Kf4 Kc5 52. Kg5 Nxa2
53. Nb1 Kb4 54. Kxh5 Nc3 55. Nxa3 Kxa3 0-1